Cumhurbaşkanı Fahri S. Korutürk'ün söylev ve demeçleri - ııı (Record no. 8555)

MARC details
000 -BAŞLIK
Sabit Uzunlukta Kontrol Alanı 00961na a2200277 4500
001 - KONTROL NUMARASI
Denetim Alanı 15472
003 - KONTROL NUMARASI IDENTIFIER
Denetim Alanı MIRAKIL
005 - SON İŞLEM TARİHİ VE ZAMANI
Denetim Alanı 20181213155216.0
008 - SABİT-BOY VERİ ELEMANLARI - GENEL BİLGİLER
Sabit Uzunlukta Kontrol Alanı 161018b tu 000 0
035 ## - SİSTEM KONTROL NUMARASI
Sistem Kontrol Numarası 15472
040 ## - KATALOGLAMA KAYNAK
Orijinal Kataloglama Ajansı Milas
Kataloglama Dili tur
Metne Dönüştürmek Ajansı TR-AnCHP
041 ## - DİL KODU
Metin / Ses Parça Veya Ayrı Başlığın Dil Kodu tur
082 ## - DEWEY ONLU SINIFLANDIRMA NUMARASI
Sınıflandırma Numarası 923.156 Korutürk,F.S.
Ürün Numarası K66c 1980
090 ## - SINIFLAMA NUMARASI
Sınıflama Numarası 923.156 Korutürk,F.S. K66c 1980
100 ## - ANA GİRİŞ - KİŞİSEL İSİM
Kişisel Ad Korutürk, Fahri
245 ## - BAŞLIK TABLOSU
Başlık Cumhurbaşkanı Fahri S. Korutürk'ün söylev ve demeçleri - ııı
Başlığın Kalan (6 Nisan 1977 - 6 Nisan 1980)
Sorumluluk Tablosu, Vb Fahri Korutürk
246 ## - UNVAN FORM VARYING
Başlık Doğru / Kısa Başlığı (6 Nisan 1977 - 6 Nisan 1980)
260 ## - YAYIN, DAĞITIM, VB
Yayın, Dağıtım, Vb Yeri Ankara
Yayıncı, Dağıtıcı, Vs Adı Başbakanlık Basımevi
Yayın, Dağıtım, Vb Tarihi 1980
300 ## - FİZİKSEL TANIM
Kapsam 269 s.
Boyutlar 24 sm.
500 ## - GENEL NOT
Genel Not Kütüphanemizde II.cilt de bulunmaktadır.
600 ## - KONU KATMA GİRİŞ - KURUMSAL ADI
Kişisel Ad Korutürk, Fahri S.
Bir Adıyla İlişkilendirilen Tarihler 1903-1987
Genel Alt Bölümü Konuşmalar
650 ## - KONU KATMA GİRİŞ - TOPİKAL DÖNEM
Topikal Süreli Veya Coğrafi Ad Giriş Elemanı Cumhurbaşkanları
Genel Alt Bölümü Türkiye
Kronolojik Alt Bölümü Tarih
650 ## - KONU KATMA GİRİŞ - TOPİKAL DÖNEM
Topikal Süreli Veya Coğrafi Ad Giriş Elemanı Siyaset ve yönetim
Genel Alt Bölümü Türkiye
Kronolojik Alt Bölümü Tarih
650 ## - KONU KATMA GİRİŞ - TOPİKAL DÖNEM
Topikal Süreli Veya Coğrafi Ad Giriş Elemanı Siyasal tarih
Genel Alt Bölümü Söylev ve demeçler
Coğrafi Alt Bölümü Türkiye
942 ## - EKLENDİ GİRİŞ ELEMANLARI (KOHA)
Sınıflandırma Veya Raf Düzeni Kaynak
Koha Öğesi Türü Books
999 ## - SİSTEM KONTROL NUMARALARI (KOHA)
Koha Biblionumber 8555
Koha Biblioitemnumber 8555
Holdings
Kalıcı Konum Mevcut Konum Edinme Tarihi Edinim Kaynak Toplam Check-Out'Lar Tam Çağrı Numarası Barkod Tarih Son Görülme İtibaren Geçerli Fiyatlar Koha Öğesi Türü
CHP Kütüphanesi CHP Kütüphanesi 09/10/2016 Bağış   923.156 Korutürk,F.S. K66c 1980 003448 09/10/2016 09/10/2016 Books